| 000 | 00368nam a2200145 i 4500 | ||
|---|---|---|---|
| 001 | bg | ||
| 100 | 1 | _aKRZEKOTOWSKA, K. | |
| 245 | 0 |
_aSpółdzielcze prawo mieszkaniowe / _cK. Krzekotowska, J. Krzekotowski. |
|
| 260 |
_aWarszawa, _c1986. |
||
| 700 | 1 | _aKRZEKOTOWSKI, J. | |
| 040 | _cBPK | ||
| 041 | _apol | ||
| 942 | _cKS | ||
| 008 | s pl f |000 0 pol | ||
| 999 |
_c23061 _d23061 |
||
| 856 |
_uhttp://koha.tu.koszalin.pl/cgi-bin/koha/opac-detail.pl?biblionumber=23061 _yKatalog online BPK |
||